000 01135nam a22003371a 4500
001 1970
003 FISKH
005 20231122142439.0
007 ta
008 101008r20092005enkab j 001 0 eng d
015 _aGBB0C6667
_2bnb
016 7 _a015393808
_2Uk
020 _a9781842368855 (pbk.)
040 _aIiNdDKA
_beng
_cIiNdDKA
042 _aukblsr
050 _aQL737.C23
082 0 4 _a599.75
_222
100 1 _aDe la Bédoyère, Camilla.
240 1 0 _a100 things you should know about big cats
245 1 0 _aBig cats /
_cCamilla de la Bédoyère ; consultant, Steve Parker
260 _aSan Diego :
_bSilver Dolphin Books,
_c2005.
300 _a48 pages :
_bcolor illustrations ; map ;
_c30 cm
490 0 _a100 facts
505 _aW
520 _aPresents in stunning detail the real facts about the exciting world of big cats, from the daily life of a pride of lions to the skilful hunting of the leopard and the speed chase of the cheetah.
521 8 _a860
_bLexile
521 8 _aW
_bRaz-Plus
650 0 _aFelidae
_vJuvenile literature.
700 1 _aParker, Steve,
_d1952-
942 _2ddc
_cBK
_n0
999 _c1970
_d1970